Primera y Segunda Introducción: Doctrina de la Ciencia, nova methodo

Spremljeno u:
Bibliografski detalji
Glavni autor: Fichte, Johann Gottlieb
Format: Nepoznato
Jezik:Spanish
Izdano: Madrid, España Ediciones Xorki 2016
Teme:
Oznake: Dodaj oznaku
Bez oznaka, Budi prvi tko označuje ovaj zapis!

MARC

LEADER 00000 a2200000 4500
008 191010b ||||| |||| 00| 0 spa d
999 |c 30804  |d 30804 
020 |a 978-84-945214-3-0 
040 |a cru BVZT 
090 |a 100 F-11.1p 
100 |a Fichte, Johann Gottlieb 
245 |a Primera y Segunda Introducción: Doctrina de la Ciencia, nova methodo  |c Johann Gottlieb Fichte; Emiliano Acosta y Jacinto Rivera de Rosales, traductores 
260 |a Madrid, España  |b Ediciones Xorki  |c 2016 
300 |a 160 páginas 
650 |a FILOSOFÍA  |9 5 
650 |a DOCTRINA DE LA CIENCIA NOVA METHODO 
650 |a ENSAYO 
942 |c 15 D  |h 100 F-11.1p  |2 z